[Event "Baku Open 2023"]
[Site "Baku AZE"]
[Date "2023.05.05"]
[Round "2.24"]
[White "Sanal, Vahap"]
[Black "Aradhya, Garg"]
[Result "1-0"]
[WhiteTitle "GM"]
[BlackTitle "FM"]
[WhiteElo "2582"]
[BlackElo "2305"]
[WhiteFideId "6300545"]
[BlackFideId "25006746"]
[EventDate "2023.05.04"]

1. e4 e5 2. Nf3 Nc6 3. Bb5 a6 4. Ba4 Nf6 5. O-O Be7 6. Bxc6 dxc6 7. d3 Nd7 8.
Nbd2 O-O 9. b3 Nb6 10. Bb2 f6 11. h3 c5 12. Nh4 g6 13. Nhf3 Be6 14. Nh2 Qd6 15.
Ng4 Nd7 16. Nc4 Bxc4 17. bxc4 b5 18. Ne3 Nb6 19. Rb1 Rad8 20. Qe2 Rf7 21. Bc3 b4
22. Ba1 Bf8 23. Qg4 Qd7 24. Qh4 Bg7 25. f4 exf4 26. Qxf4 Qc6 27. Rf2 Rdf8 28.
Rbf1 Qd6 29. Qg4 f5 30. exf5 Bxa1 31. Rxa1 Qe5 32. Re1 Rxf5 33. Rxf5 Rxf5 34.
Qh4 Rf8 35. Nd5 Qd6 36. Re7 h5 37. Qe4 Nxd5 38. Re6 Qd7 39. cxd5 Rf5 40. Rxg6+
Kf7 41. Rc6 Qxd5 42. Rxc7+ Kg6 43. Qe8+ Rf7 44. Qc6+ Qxc6 45. Rxc6+ Rf6 46. Rxc5
Rb6 47. Kf2 Rf6+ 48. Ke2 Re6+ 49. Kd2 Rf6 50. Kc1 h4 51. Rc4 Kh5 52. Rxb4 Rg6
53. Rb8 Rg3 54. Rh8+ Kg5 55. Rf8 a5 56. Rf2 Re3 57. Kd2 Re8 58. Re2 Rg8 59. Re4
Kh5 60. Rg4 Rf8 61. a4 Rb8 62. g3 hxg3 63. Rxg3 Kh4 64. Re3 Ra8 65. c4 Kg5 66.
Re5+ Kh4 67. Kc3 Kxh3 68. c5 Rc8 69. d4 Kg4 70. Re6 1-0

[Event "Baku Open 2023"]
[Site "Baku AZE"]
[Date "2023.05.05"]
[Round "2.25"]
[White "Dushyant, Sharma"]
[Black "Bernadskiy, Vitaliy"]
[Result "1/2-1/2"]
[WhiteTitle "IM"]
[BlackTitle "GM"]
[WhiteElo "2355"]
[BlackElo "2619"]
[WhiteFideId "25065130"]
[BlackFideId "14100371"]
[EventDate "2023.05.04"]

1. e4 c5 2. Nf3 d6 3. d4 cxd4 4. Nxd4 Nf6 5. Nc3 Nc6 6. f4 Bg4 7. Nf3 g6 8. Be3
Bg7 9. Bd3 O-O 10. O-O d5 11. exd5 Nxd5 12. Nxd5 Qxd5 13. h3 Bxf3 14. Qxf3 Qxf3
15. Rxf3 Nb4 16. Bd2 Bxb2 17. Rb1 Bd4+ 18. Kh2 Nxd3 19. Rxd3 Bb6 20. a4 Rfb8 21.
a5 Bc5 22. Bb4 Bxb4 23. Rxb4 b6 24. Rdb3 Rc8 25. axb6 axb6 26. Rxb6 Rxc2 27.
Rb8+ Rxb8 28. Rxb8+ Kg7 29. h4 Rc3 30. g3 Rc2+ 31. Kh3 h5 32. Rb7 Re2 33. Rb6 f6
34. Rb7 Kf7 35. Ra7 Ke6 36. Ra8 Kf5 37. Rf8 Ke6 38. Ra8 Rc2 39. Rb8 Rc6 40. Rb5
Rc2 41. Rb8 Ra2 42. Rb5 Rd2 43. Rb8 Rd6 44. Rb5 Rd5 45. Rb7 g5 46. hxg5 fxg5 47.
fxg5 Rxg5 48. Rb3 Kf5 49. Kh4 e5 50. Ra3 Rg8 51. Rf3+ Ke4 52. Ra3 Rh8 53. Kg5
Kd4 54. Ra4+ Ke3 55. Kf5 Re8 56. Ra3+ Kf2 57. Ke4 Kg2 58. Rb3 Rg8 59. Kxe5 Rxg3
60. Rb2+ Kf3 61. Kf5 h4 62. Rb3+ Kg2 63. Rb2+ Kh3 64. Kf4 Rg2 65. Rb8 Kh2 66.
Kf3 h3 67. Rh8 Rg7 68. Kf2 Rf7+ 69. Ke2 Kg2 70. Rg8+ Kh1 71. Rh8 Kh2 72. Rg8 Rf4
73. Rg7 Kh1 74. Rh7 h2 75. Rg7 Ra4 76. Kf2 Ra2+ 77. Kf1 Ra1+ 78. Kf2 Rg1 79. Ra7
Rg2+ 80. Kf3 Rg8 81. Ra1+ Rg1 82. Ra8 Rf1+ 83. Ke2 Rb1 84. Kf2 Rb2+ 85. Kf3 Rg2
86. Ra1+ Rg1 87. Ra8 Rf1+ 88. Ke4 1/2-1/2

[Event "Baku Open 2023"]
[Site "Baku AZE"]
[Date "2023.05.05"]
[Round "2.26"]
[White "Guliyev, Namig"]
[Black "Mustafayev, Farid"]
[Result "0-1"]
[WhiteTitle "GM"]
[BlackTitle "FM"]
[WhiteElo "2538"]
[BlackElo "2316"]
[WhiteFideId "13400363"]
[BlackFideId "13408771"]
[EventDate "2023.05.04"]

1. e4 c6 2. d4 d5 3. exd5 cxd5 4. Bd3 Nf6 5. c3 g6 6. Nf3 Bg7 7. O-O O-O 8. Nbd2
Nc6 9. Re1 Qc7 10. Nb3 Bf5 11. Bg5 Ne4 12. Bh4 Qb6 13. Ng5 Nd6 14. Bg3 Bxd3 15.
Qxd3 Nc4 16. Re2 Rad8 17. Rae1 a5 18. h4 h6 19. Nf3 a4 20. Nc5 Nxb2 21. Qc2 a3
22. Ne5 Nb8 23. Nxf7 Rxf7 24. Bxb8 Rxb8 25. Nd7 Qd6 26. Nxb8 Qxb8 27. Rxe7 Rxe7
28. Rxe7 Qd6 29. Rxb7 Qe6 30. Rb8+ Bf8 31. Qd2 Kg7 32. g3 Qe4 33. Kh2 Nd3 34.
Rb1 Qf5 35. Kg1 Nc5 36. Rb5 Ne4 37. Qe3 Nd6 38. Rb8 Qe4 39. Qd2 Qf3 40. Qe1 Ne4
41. Rb3 Qd3 42. Kg2 Bd6 43. Rb7+ Kf6 44. Rb6 Kf7 45. Rc6 Qb5 46. Rc8 Qb7 47. Rh8
Kg7 48. Rd8 Be7 49. Re8 Kf7 50. Rh8 Bf6 51. Rh7+ Bg7 52. Qe3 Kg8 53. Qxh6 Qf7
54. Rxg7+ Qxg7 55. Qc1 Qf8 56. f3 Qb8 57. Qe1 Qb2+ 58. Kf1 Nd2+ 59. Kg2 Nc4+ 60.
Kh3 Kf7 61. g4 Qxa2 62. Qg3 Qe2 63. Qf4+ Ke6 64. Qf8 Nd6 65. Qg8+ Kd7 66. Qxd5
a2 67. Qa8 Qf1+ 0-1

[Event "Baku Open 2023"]
[Site "Baku AZE"]
[Date "2023.05.05"]
[Round "2.27"]
[White "Suyarov, Mukhammadzokhid"]
[Black "Muradli, Mahammad"]
[Result "1/2-1/2"]
[WhiteTitle "FM"]
[BlackTitle "GM"]
[WhiteElo "2281"]
[BlackElo "2531"]
[WhiteFideId "14210495"]
[BlackFideId "13409301"]
[EventDate "2023.05.04"]

1. d4 Nf6 2. Nc3 g6 3. e4 d6 4. f4 Bg7 5. Bd3 O-O 6. Nf3 Na6 7. O-O c5 8. d5 Bg4
9. Be3 Nd7 10. Be2 Nc7 11. a4 a6 12. Nd2 Bxe2 13. Qxe2 b6 14. Bf2 f5 15. Bh4
Bd4+ 16. Kh1 Nf6 17. Bxf6 Rxf6 18. Nf3 Bxc3 19. bxc3 fxe4 20. Qxe4 Qd7 21. c4
Rb8 22. Ng5 h6 23. Nh3 e6 24. dxe6 Qxe6 25. Qd3 Qf5 26. Nf2 Re8 27. g3 Rfe6 28.
Rad1 Qxd3 29. cxd3 b5 30. axb5 axb5 31. cxb5 Nxb5 32. Ra1 Nd4 33. Ra6 Nc2 34.
Kg1 R8e7 35. Ra4 Kg7 36. Rb1 Re2 37. Ra6 Re1+ 38. Rxe1 Rxe1+ 39. Kg2 Ne3+ 40.
Kh3 Re2 41. Ne4 Nf1 42. Ra7+ Kf8 43. Nxd6 Rxh2+ 44. Kg4 Rd2 45. Ra3 Nh2+ 46. Kh3
Nf3 47. Ne4 1/2-1/2

[Event "Baku Open 2023"]
[Site "Baku AZE"]
[Date "2023.05.05"]
[Round "2.28"]
[White "Gadimbayli, Abdulla"]
[Black "Chkhaidze, Nikoloz"]
[Result "1/2-1/2"]
[WhiteTitle "GM"]
[BlackTitle "FM"]
[WhiteElo "2500"]
[BlackElo "2253"]
[WhiteFideId "13404938"]
[BlackFideId "13601750"]
[EventDate "2023.05.04"]

1. e4 c5 2. Nf3 e6 3. d4 cxd4 4. Nxd4 Nc6 5. Nc3 Qc7 6. f4 a6 7. Nxc6 Qxc6 8.
Bd3 b5 9. Qe2 Bb7 10. Bd2 Bc5 11. a3 Ne7 12. O-O-O O-O 13. h4 f5 14. g4 d5 15.
gxf5 exf5 16. e5 d4 17. Nb1 Nd5 18. Rh3 Rac8 19. Rg1 Ne3 20. Rhg3 Rc7 21. Ba5
Rd7 22. Nd2 Kh8 23. Nb3 Ba7 24. Bb4 Rc8 25. Na5 Qe6 26. Nxb7 Rxb7 27. Kb1 Rbc7
28. Bd6 Rf7 29. Bb4 Rfc7 30. Bd2 Bc5 31. Rg5 Rf7 32. Qh5 Rcf8 33. Rg6 Qc8 34.
Bc1 Ba7 35. R6g5 Qe6 36. Rg6 Qc8 37. Bd2 Bc5 38. R1g3 Ba7 39. Bb4 Bc5 40. Bd2
Ba7 41. Bb4 Bc5 1/2-1/2

[Event "Baku Open 2023"]
[Site "Baku AZE"]
[Date "2023.05.05"]
[Round "2.29"]
[White "Eynullayev, Atilla"]
[Black "Makhnev, Denis"]
[Result "0-1"]
[WhiteTitle "FM"]
[BlackTitle "GM"]
[WhiteElo "2281"]
[BlackElo "2483"]
[WhiteFideId "13413570"]
[BlackFideId "13707647"]
[EventDate "2023.05.04"]

1. e4 e5 2. Nf3 Nc6 3. Bb5 a6 4. Ba4 Nf6 5. O-O Be7 6. Re1 b5 7. Bb3 O-O 8. h3
Bb7 9. d3 d5 10. exd5 Nxd5 11. Nxe5 Nd4 12. Nc3 Nb4 13. Ne2 Nxb3 14. axb3 Bd6
15. Bf4 Re8 16. d4 f6 17. Nd3 Nxd3 18. Qxd3 Rxe2 19. Qxe2 Bxf4 20. Qe6+ Kf8 21.
c4 Qe8 22. Qf5 Qg6 23. Qxg6 hxg6 24. g3 Bd2 25. Re6 Re8 26. Rxe8+ Kxe8 27. d5
Bb4 28. Kf1 Kd7 29. Ke2 a5 30. Kd3 Kd6 31. h4 Kc5 32. Rc1 bxc4+ 33. bxc4 Bc8 34.
f3 a4 35. g4 Ba6 36. h5 g5 37. Ke4 Bc8 38. Ra1 Bd7 39. Rc1 Bd2 40. Rc2 Bf4 41.
Kd3 f5 42. Rg2 Be5 43. Re2 Bf6 44. Rg2 Kb4 45. c5 Kxc5 46. Rc2+ Kd6 47. Ke3 fxg4 0-1

[Event "Baku Open 2023"]
[Site "Baku AZE"]
[Date "2023.05.05"]
[Round "2.30"]
[White "Raja, Rithvik R"]
[Black "Aslanov, Umid"]
[Result "1-0"]
[WhiteTitle "GM"]
[BlackTitle "CM"]
[WhiteElo "2472"]
[BlackElo "2273"]
[WhiteFideId "35007394"]
[BlackFideId "13412620"]
[EventDate "2023.05.04"]

1. d4 d5 2. c4 e6 3. Nc3 Be7 4. cxd5 exd5 5. Bf4 c6 6. e3 Bf5 7. g4 Be6 8. h4
Nd7 9. g5 h6 10. g6 Ngf6 11. Bd3 Qb6 12. Qc2 c5 13. Nge2 O-O 14. Rg1 fxg6 15.
Rxg6 Bf7 16. Rg2 Nh5 17. dxc5 Nxc5 18. Be5 Bf6 19. Bxf6 Qxf6 20. O-O-O Rac8 21.
Nd4 Kh8 22. Bf5 Rce8 23. Kb1 Ne4 24. Rdg1 Re5 25. Nxe4 dxe4 26. Bxe4 Qxh4 27. f4
Ra5 28. b3 Qf6 29. Bxb7 Qb6 30. Bf3 Rg8 31. Qb2 Qf6 32. Nc6 Qxb2+ 33. Kxb2 Rc5
34. b4 Rb5 35. a4 Rb7 36. b5 Nf6 37. Rd2 Rc7 38. Rc1 Rgc8 39. Rd8+ Rxd8 40. Nxd8
Rd7 41. Nxf7+ Rxf7 42. a5 g5 43. b6 axb6 44. axb6 gxf4 45. b7 Nd7 46. Rc7 1-0

[Event "Baku Open 2023"]
[Site "Baku AZE"]
[Date "2023.05.05"]
[Round "2.31"]
[White "Orujov, Farid"]
[Black "Sanikidze, Tornike"]
[Result "0-1"]
[WhiteTitle "FM"]
[BlackTitle "GM"]
[WhiteElo "2225"]
[BlackElo "2475"]
[WhiteFideId "13423533"]
[BlackFideId "13602608"]
[EventDate "2023.05.04"]

1. e4 g6 2. d4 Bg7 3. Nf3 c6 4. Nc3 d5 5. e5 Nh6 6. Bf4 f6 7. Qd2 Nf7 8. h3 O-O
9. O-O-O b5 10. g4 a5 11. Re1 a4 12. a3 Na6 13. Na2 Qb6 14. Nb4 Nxb4 15. Qxb4
fxe5 16. Nxe5 e6 17. Rh2 Ra7 18. Bd3 Nxe5 19. Bxe5 Bxe5 20. Rxe5 Raf7 21. Re2
Qc7 22. Rg2 Rf3 23. h4 Rh3 24. h5 Qf4+ 25. Kb1 c5 26. Qxb5 Rh1+ 27. Ka2 Qc1 28.
Qxa4 Qa1+ 29. Kb3 Rb1 30. c3 c4+ 31. Bxc4 dxc4+ 32. Qxc4 Bd7 33. Qc7 Ra8 34. Qd6
Ba4+ 35. Kc4 Qa2+ 36. Kd3 Bb5+ 37. Ke3 Bxe2 38. hxg6 hxg6 39. Rh2 Qd5 40. Qf4
Qf3+ 41. Qxf3 Bxf3 42. Kxf3 Rxb2 43. Ke4 Rxa3 44. Ke5 Rxc3 45. Kxe6 Rf3 46. d5
Re2+ 47. Kd6 Rf6+ 48. Kc5 Rc2+ 49. Kd4 Rfxf2 50. Rh3 Rfd2+ 51. Ke5 Rc5 52. Kf6
Rdxd5 53. Ra3 Rc6+ 54. Ke7 Kg7 0-1

[Event "Baku Open 2023"]
[Site "Baku AZE"]
[Date "2023.05.05"]
[Round "2.32"]
[White "Fishchuk, Vladyslav"]
[Black "Samadov, Read"]
[Result "0-1"]
[WhiteTitle "FM"]
[BlackTitle "IM"]
[WhiteElo "2252"]
[BlackElo "2469"]
[WhiteFideId "34122117"]
[BlackFideId "13417444"]
[EventDate "2023.05.04"]

1. d4 Nf6 2. c4 g6 3. Nc3 Bg7 4. e4 d6 5. Nf3 O-O 6. Bd3 Bg4 7. Be2 c5 8. Be3
Bxf3 9. gxf3 cxd4 10. Bxd4 Nc6 11. Be3 a6 12. Qd2 Rc8 13. Rc1 Re8 14. O-O e5 15.
Rfd1 Nd4 16. Kg2 Qd7 17. h3 Rcd8 18. Bd3 Nh5 19. Nd5 Kh8 20. Rg1 Ne6 21. Kh2 Nf6
22. Nc3 Rc8 23. Ne2 Nh5 24. b3 Rf8 25. a4 Rfe8 26. a5 Nd4 27. Bxd4 exd4 28. b4
Qd8 29. Qg5 Qxg5 30. Rxg5 Bh6 31. h4 f6 32. Rgg1 Bxc1 33. Rxc1 Re5 34. f4 Re7
35. Kg2 Rg8 36. Kf3 g5 37. hxg5 fxg5 38. fxg5 Rxg5 39. Nxd4 Rf7+ 40. Ke3 Ng7 41.
f4 Rg3+ 42. Nf3 Ne6 43. f5 Ng5 44. Be2 Re7 45. Kf4 Nxe4 46. Bd3 h5 47. f6 Rg4+
48. Kf5 Ng3# 0-1

[Event "Baku Open 2023"]
[Site "Baku AZE"]
[Date "2023.05.05"]
[Round "2.33"]
[White "Nigmatov, Ortik"]
[Black "Kazimova, Narmin"]
[Result "1-0"]
[WhiteTitle "IM"]
[BlackTitle "WGM"]
[WhiteElo "2473"]
[BlackElo "2174"]
[WhiteFideId "14202131"]
[BlackFideId "13402951"]
[EventDate "2023.05.04"]

1. e4 e5 2. Nf3 Nc6 3. Bb5 a6 4. Ba4 d6 5. O-O Bd7 6. c4 g6 7. d4 Bg7 8. Bxc6
Bxc6 9. dxe5 dxe5 10. Qc2 Nf6 11. Nc3 Qe7 12. Be3 O-O 13. Nd5 Bxd5 14. cxd5 Rfc8
15. Bc5 Qe8 16. a4 c6 17. d6 a5 18. Bb6 Nd7 19. Bc7 Nf8 20. Rfd1 Qd7 21. Nd2
Rxc7 22. dxc7 Qxc7 23. Nb3 Ne6 24. Rd3 Qe7 25. Qc4 h5 26. Rad1 Nd4 27. Nxd4 exd4
28. Re1 Qb4 29. Qxb4 axb4 30. b3 c5 31. e5 Kf8 32. e6 Re8 33. e7+ Rxe7 34. Rxe7
Kxe7 35. Kf1 Ke6 36. Rf3 Be5 37. Ke2 g5 38. h4 g4 39. Rd3 Kd5 40. Rd1 c4 41.
bxc4+ Kxc4 42. Rc1+ Kb3 43. Rc5 f6 44. a5 Ka4 45. Kd3 b3 46. Rd5 Bc7 47. Rxd4+
Kxa5 48. Rd7 Bb6 49. f3 gxf3 50. gxf3 Bf2 51. Rd5+ Kb4 52. Rxh5 b6 53. Rh8 Ka3
54. h5 Kb2 55. Re8 Kc1 56. Re2 b2 57. Rc2+ 1-0

[Event "Baku Open 2023"]
[Site "Baku AZE"]
[Date "2023.05.05"]
[Round "2.34"]
[White "Kairbekova, Amina"]
[Black "Petriashvili, Nikoloz"]
[Result "0-1"]
[WhiteTitle "WIM"]
[BlackTitle "IM"]
[WhiteElo "2157"]
[BlackElo "2432"]
[WhiteFideId "13712799"]
[BlackFideId "13611216"]
[EventDate "2023.05.04"]

1. d4 Nf6 2. c4 e6 3. Nc3 Bb4 4. e3 O-O 5. Bd2 d5 6. Nf3 a6 7. Rc1 b6 8. Bd3 Bb7
9. cxd5 exd5 10. O-O Nbd7 11. Ne5 Bd6 12. f4 c5 13. g4 Ne4 14. Be1 cxd4 15. exd4
b5 16. Qe2 Ndf6 17. g5 Nxc3 18. Rxc3 Ne4 19. Bxe4 dxe4 20. Bf2 f6 21. gxf6 Qxf6
22. Be1 Rac8 23. Rg3 Qe6 24. a3 Rf5 25. Qg4 Rc7 26. Bc3 Bd5 27. Rf2 e3 28. Rxe3
Rxe5 29. f5 Re4 30. Rxe4 Qxe4 0-1

[Event "Baku Open 2023"]
[Site "Baku AZE"]
[Date "2023.05.05"]
[Round "2.35"]
[White "Kilic, Eray"]
[Black "Mahalakshmi, M"]
[Result "1-0"]
[WhiteTitle "FM"]
[BlackTitle "WIM"]
[WhiteElo "2418"]
[BlackElo "2210"]
[WhiteFideId "44517173"]
[BlackFideId "5001080"]
[EventDate "2023.05.04"]

1. e4 c6 2. d4 d5 3. e5 Bf5 4. h4 h5 5. c4 e6 6. Nc3 Nd7 7. cxd5 cxd5 8. Bd3
Bxd3 9. Qxd3 Ne7 10. Bg5 Qb6 11. Nge2 Nc6 12. O-O Bb4 13. a3 Bxc3 14. bxc3 Na5
15. Nf4 Qc6 16. Rfe1 Nc4 17. Re2 Nf8 18. Qf3 g6 19. Bf6 Rg8 20. Qg3 Nh7 21. Nxh5
Kd7 22. Nf4 Nxf6 23. exf6 Rae8 24. Nh3 Kc8 25. Ng5 Nd6 26. a4 Rh8 27. Qf4 Rd8
28. c4 dxc4 29. Re5 Kb8 30. Rc5 Qd7 31. Nf3 Ka8 32. Ne5 Qe8 33. a5 g5 34. hxg5
Qg8 35. g6 fxg6 36. Rc7 Rh7 37. Rxh7 Qxh7 38. f7 Rf8 39. Nd7 Qxf7 40. Nb6+ axb6
41. axb6+ 1-0

[Event "Baku Open 2023"]
[Site "Baku AZE"]
[Date "2023.05.05"]
[Round "2.36"]
[White "Nurgali, Nazerke"]
[Black "Buksa, Nataliya"]
[Result "1/2-1/2"]
[WhiteTitle "WIM"]
[BlackTitle "IM"]
[WhiteElo "2150"]
[BlackElo "2406"]
[WhiteFideId "13711261"]
[BlackFideId "14123622"]
[EventDate "2023.05.04"]

1. d4 Nf6 2. c4 e6 3. Nf3 d5 4. Nc3 Bb4 5. Bg5 h6 6. Bxf6 Qxf6 7. e3 O-O 8. Rc1
dxc4 9. Bxc4 c5 10. a3 cxd4 11. exd4 Bxc3+ 12. Rxc3 Nc6 13. O-O Rd8 14. Rd3 Bd7
15. Qd2 Be8 16. Re1 Rd6 17. d5 exd5 18. Bxd5 Kh8 19. Ree3 Rad8 20. h3 Bd7 21.
Be4 Bc8 22. Bxc6 Rxd3 23. Rxd3 Rxd3 24. Qxd3 bxc6 25. Qe3 Be6 26. b4 a6 27. Qd3
Bd5 28. Qxa6 Bxf3 29. gxf3 Qxf3 30. Qc8+ Kh7 31. Qg4 Qd3 32. Qg3 Qd5 33. Qe3 g5
34. Qc5 Qf3 35. Qe3 Qd5 36. Qc5 Qf3 37. Qe3 Qd5 1/2-1/2

[Event "Baku Open 2023"]
[Site "Baku AZE"]
[Date "2023.05.05"]
[Round "2.37"]
[White "Lortkipanidze, Nodar"]
[Black "Priyanka, K"]
[Result "1-0"]
[WhiteTitle "IM"]
[BlackTitle "WIM"]
[WhiteElo "2406"]
[BlackElo "2192"]
[WhiteFideId "13604058"]
[BlackFideId "5082986"]
[EventDate "2023.05.04"]

1. c4 Nf6 2. Nc3 g6 3. g3 Bg7 4. Bg2 d6 5. Nf3 O-O 6. O-O c5 7. d4 Nc6 8. dxc5
dxc5 9. Be3 Be6 10. Qa4 Qb6 11. Qb5 Nd7 12. Ng5 Nd4 13. Bxd4 cxd4 14. Nxe6 Qxe6
15. Nd5 Rfc8 16. Qxb7 Rab8 17. Qxa7 Ra8 18. Nxe7+ Qxe7 19. Bxa8 Qxe2 20. Qxd7
Rxa8 21. c5 Qxb2 22. c6 Qb8 23. Rab1 Qc8 24. Rb7 Qxd7 25. Rxd7 1-0

[Event "Baku Open 2023"]
[Site "Baku AZE"]
[Date "2023.05.05"]
[Round "2.38"]
[White "Srija, Seshadri"]
[Black "Moksh, Amit Doshi"]
[Result "1/2-1/2"]
[WhiteTitle "WGM"]
[BlackTitle "IM"]
[WhiteElo "2199"]
[BlackElo "2397"]
[WhiteFideId "5055903"]
[BlackFideId "25064967"]
[EventDate "2023.05.04"]

1. e4 c5 2. Nc3 d6 3. d4 cxd4 4. Qxd4 Nc6 5. Qd2 g6 6. b3 Bh6 7. f4 Nf6 8. Bb2
O-O 9. O-O-O e5 10. g3 Re8 11. Kb1 Bg4 12. Be2 Be6 13. Nf3 a6 14. Ng5 Nd4 15.
Bd3 Bg4 16. Rdf1 b5 17. Qf2 Rf8 18. h4 Bg7 19. Nd5 Nxd5 20. exd5 h6 21. Bxd4
exd4 22. Nf3 Qf6 23. Nd2 Bf5 24. Qg2 Bxd3 25. cxd3 Rfe8 26. Ne4 Qe7 27. f5 Qe5
28. Qf3 Kh8 29. Ng5 Qf6 30. Qg4 h5 31. Qd1 Ra7 32. g4 hxg4 33. Qxg4 Kg8 34. h5
gxf5 35. Rxf5 Qh6 36. Rhf1 Ree7 37. R5f3 Rac7 38. Ne4 Kh8 39. Ng5 Kg8 40. Ne6
Rcd7 41. Nxd4 Qd2 42. h6 Re1+ 43. Rxe1 Qxe1+ 44. Kb2 Qd2+ 45. Kb1 Qd1+ 46. Kb2
f5 47. Qg6 Qd2+ 48. Kb1 Qd1+ 49. Kb2 Qxf3 50. Qe8+ Kh7 51. Qxd7 Qf2+ 52. Ka3
Qxd4 53. hxg7 Qc5+ 54. Kb2 Qd4+ 55. Kc2 Qf2+ 56. Kb1 Qe1+ 57. Kc2 Qe2+ 58. Kc1
Qe1+ 59. Kc2 Qe2+ 60. Kc1 Qe1+ 1/2-1/2

[Event "Baku Open 2023"]
[Site "Baku AZE"]
[Date "2023.05.05"]
[Round "2.41"]
[White "Abdisalimov, Abdimalik"]
[Black "Aliyev, Ravan"]
[Result "0-1"]
[WhiteTitle "IM"]
[BlackTitle "FM"]
[WhiteElo "2494"]
[BlackElo "2280"]
[WhiteFideId "14206323"]
[BlackFideId "13409980"]
[EventDate "2023.05.04"]

1. d4 Nf6 2. c4 e6 3. Nc3 d5 4. cxd5 exd5 5. Bg5 c6 6. e3 Be7 7. Bd3 O-O 8. Nge2
Nbd7 9. Qc2 Re8 10. O-O h6 11. Bh4 a5 12. f3 b5 13. h3 Bb7 14. Bf2 Rc8 15. Bf5
c5 16. dxc5 Rxc5 17. Qd2 Nb6 18. b3 d4 19. Be4 dxc3 20. Qxd8 Rxd8 21. Bxb7 Rd7
22. Ba6 Ra7 23. Bxb5 Rxb5 24. Nxc3 Rc5 25. Ne2 Rd7 26. e4 Rc2 27. Bxb6 Rxe2 28.
Rf2 Rxf2 29. Kxf2 Rd2+ 30. Kf1 Bd8 31. Bxd8 Rxd8 32. Ke2 Rc8 33. Rd1 Kf8 34. Ke3
Ke7 35. e5 Nd7 36. Rd5 a4 37. bxa4 Nb6 38. Rd4 Ra8 39. Rb4 Nd5+ 0-1

[Event "Baku Open 2023"]
[Site "Baku AZE"]
[Date "2023.05.05"]
[Round "2.42"]
[White "Manish Anto, Cristiano F"]
[Black "Bayramov, Zaur"]
[Result "1-0"]
[WhiteTitle "IM"]
[BlackTitle "FM"]
[WhiteElo "2485"]
[BlackElo "2310"]
[WhiteFideId "25095927"]
[BlackFideId "13405080"]
[EventDate "2023.05.04"]

1. e4 g6 2. d4 Bg7 3. Nc3 d6 4. Be3 c6 5. Qd2 Nf6 6. Bh6 O-O 7. Nf3 Bg4 8. Be2
Bxf3 9. Bxf3 e5 10. Bxg7 Kxg7 11. O-O-O Qe7 12. g4 Nfd7 13. h4 h6 14. Bg2 b5 15.
Kb1 Nb6 16. b3 a5 17. f4 N8d7 18. Ne2 exf4 19. Qxf4 a4 20. Ng3 axb3 21. cxb3 d5
22. Qd2 dxe4 23. Bxe4 Qd6 24. Qh2 Kh8 25. h5 g5 26. Nf5 Qxh2 27. Rxh2 Nd5 28.
Bxd5 cxd5 29. Rc2 Ra6 30. Rc7 Nf6 31. Nxh6 Ne4 32. Nxf7+ Kg8 33. Ne5 Rf2 34. h6
Rxh6 35. Rdc1 b4 36. Nd3 Rf7 37. Nxb4 Rxc7 38. Rxc7 Nf6 39. a4 Nxg4 40. a5 1-0

[Event "Baku Open 2023"]
[Site "Baku AZE"]
[Date "2023.05.05"]
[Round "2.43"]
[White "Babazada, Khazar"]
[Black "Ince, Taylan Ruzgar"]
[Result "1-0"]
[WhiteTitle "IM"]
[BlackTitle "CM"]
[WhiteElo "2474"]
[BlackElo "2264"]
[WhiteFideId "13413554"]
[BlackFideId "44513089"]
[EventDate "2023.05.04"]

1. d4 Nf6 2. Nf3 g6 3. c4 Bg7 4. Nc3 d5 5. Qb3 dxc4 6. Qxc4 O-O 7. e4 a6 8. e5
b5 9. Qb3 Nfd7 10. e6 fxe6 11. Ng5 Nf6 12. Nxe6 Bxe6 13. Qxe6+ Kh8 14. g3 Qxd4
15. Bg2 Ng4 16. O-O Rxf2 17. Rxf2 Qxf2+ 18. Kh1 Nc6 19. Nd1 Nd4 20. Nxf2 Nxf2+
21. Kg1 Nxe6 22. Bxa8 Bd4 23. Kf1 Nd3 24. Rb1 c5 25. b3 Nc7 26. Be4 Nxc1 27.
Rxc1 Ne8 28. Bb7 a5 29. a4 b4 30. Ke2 Kg7 31. Kd3 Nd6 32. Bd5 h5 33. Rf1 e5 34.
h3 g5 35. Bf3 Kg6 36. Bc6 Kg7 37. Bd5 Bc3 38. Bf3 Kg6 39. Be2 e4+ 40. Kc2 Be5
41. Rf8 Bxg3 42. Ra8 g4 43. hxg4 h4 44. Rxa5 Kg5 45. Rxc5+ Kf4 46. a5 h3 47. Rh5
h2 48. a6 Nc8 1-0

[Event "Baku Open 2023"]
[Site "Baku AZE"]
[Date "2023.05.05"]
[Round "2.44"]
[White "Chizhikov, Vladislav"]
[Black "Padmini, Rout"]
[Result "0-1"]
[WhiteTitle "FM"]
[BlackTitle "IM"]
[WhiteElo "2279"]
[BlackElo "2388"]
[WhiteFideId "4178157"]
[BlackFideId "5029295"]
[EventDate "2023.05.04"]

1. d4 Nf6 2. Nf3 g6 3. Bf4 Bg7 4. e3 d6 5. Be2 O-O 6. O-O Nh5 7. Bg5 h6 8. Bh4
g5 9. Nfd2 Nf4 10. exf4 gxh4 11. Nf3 h3 12. g3 c5 13. Nc3 cxd4 14. Nxd4 Nc6 15.
Nxc6 bxc6 16. Qd3 Rb8 17. Rab1 Rb4 18. a3 Rd4 19. Qe3 Bf5 20. Bd3 Bxd3 21. cxd3
Qa5 22. Rfd1 Qh5 23. Rd2 Rb8 24. Re1 Rb3 25. Qe2 Qxe2 26. Rexe2 e6 27. Kf1 d5
28. Ke1 c5 29. Kd1 c4 30. dxc4 Rxc4 31. Na2 Rd4 32. Kc1 a5 33. Rc2 Rbd3 34. Rc8+
Kh7 35. Nc3 Rf3 36. Nd1 h5 37. Kc2 h4 38. Rc3 Rxc3+ 39. Nxc3 Kg6 40. b3 hxg3 41.
fxg3 Bf8 42. Nb5 Re4 43. Kd3 f5 44. Nd4 Bxa3 45. Nxe6 Be7 46. Nc7 Bf6 47. Ra2
Rb4 48. Kc2 d4 49. Rxa5 d3+ 50. Kxd3 Rxb3+ 51. Ke2 Rb2+ 52. Kf3 Rxh2 53. g4 Rc2
54. gxf5+ Kh5 55. Kg3 h2 56. Ra1 Bxa1 57. Nd5 h1=Q 58. Nf6+ Kh6 0-1

[Event "Baku Open 2023"]
[Site "Baku AZE"]
[Date "2023.05.05"]
[Round "2.45"]
[White "Sharma, Isha"]
[Black "Divya, Deshmukh"]
[Result "0-1"]
[WhiteTitle "WIM"]
[BlackTitle "WGM"]
[WhiteElo "2216"]
[BlackElo "2372"]
[WhiteFideId "35006665"]
[BlackFideId "35006916"]
[EventDate "2023.05.04"]

1. e4 c5 2. Nf3 Nc6 3. d4 cxd4 4. Nxd4 Nf6 5. Nc3 e5 6. Ndb5 d6 7. Bg5 a6 8. Na3
b5 9. Nd5 Be7 10. Bxf6 Bxf6 11. c3 Ne7 12. Nc2 Nxd5 13. Qxd5 Rb8 14. Nb4 Bb7 15.
Qd3 O-O 16. Nd5 Bg5 17. Be2 g6 18. h4 Bh6 19. h5 Kg7 20. Rd1 Qg5 21. Ne3 Rbd8
22. Bf3 Bc8 23. Qd5 Qe7 24. Qd3 Qg5 25. Qd5 Qe7 26. Qd3 Be6 27. Nd5 Qg5 28. b3
f5 29. a4 fxe4 30. Bxe4 Bg4 31. Rb1 Bxh5 32. axb5 axb5 33. O-O Rb8 34. Nc7 Qe7
35. Nxb5 Bf4 36. g3 Qd7 37. Nxd6 Rbd8 38. Rbd1 Bxd1 39. Rxd1 Qg4 40. Bf3 Qg5 41.
Qe4 Qe7 42. gxf4 Rxd6 43. Rxd6 Qxd6 44. fxe5 Qd2 45. c4 Qc3 46. Kg2 Qxb3 47. e6
Qb2 48. Qe3 Qf6 49. Bc6 Qe7 50. Qe5+ Kh6 51. Qe3+ Kg7 52. Qe5+ Kg8 53. Be4 Qf6
54. Qc5 Kg7 55. Bc6 Qxe6 56. Bd5 Qe5 57. Qa7+ Kh6 58. Qb6 Rb8 59. Qa7 Qg5+ 60.
Kf3 Rb3+ 61. Ke2 Rb2+ 62. Kf1 Rb1+ 63. Ke2 Qg4+ 64. Kd3 Re1 65. Kc3 Qf4 66. f3
Qe5+ 67. Kc2 Qe2+ 68. Kb3 Qd3+ 0-1